000 00205 a2200109 4500
020 _a9780021779635
041 _aspa
100 _aAnonimo
245 _aEl gentil dragon rojo
942 _cBK
952 _71
999 _c16878
_d16878